000 00299nam a22001337a 4500
008 171017b xxu||||| |||| 00| 0 eng d
020 _a9789995643270
041 _aALB
080 _a331.262.101
100 _a52
101 _aBNJ
245 _aSJELLJE ORGANIZATIVE
_cKASIMATI.M
942 _2udc
_cBK
999 _c34306
_d34306